| 000 | 00559cam a22002053a 4500 | ||
|---|---|---|---|
| 001 | 34543 | ||
| 003 | PGUSA | ||
| 005 | 20140828083738.0 | ||
| 008 | 101202s2010||||xxu|||||s|||||000 | eng d | ||
| 040 |
_aPGUSA _beng |
||
| 042 | _adc | ||
| 100 | 1 |
_aTrevena, John, _d1870- |
|
| 245 | 1 | 0 |
_aFurze the Cruel _h[electronic resource] / _cJohn Trevena |
| 260 |
_bProject Gutenberg, _c2010 |
||
| 506 | _aPublic domain in the USA. | ||
| 516 | _aElectronic text | ||
| 830 | 0 |
_aProject Gutenberg _v34543 |
|
| 856 | 4 | 0 | _uhttp://www.gutenberg.org/ebooks/34543 |
| 942 | _cEB | ||
| 999 |
_c263798 _d263798 |
||